Digressão Internacional por PIB per capita III - Statistics

Estatísticas Gerais
  • Esse quiz foi jogado 21 vezes
  • A pontuação média é 5 de 8
Estatísticas das Respostas
GDP per capita (Int$) Country % Correto
5,309 Laos
100%
5,469 Mianmar
94%
14,107 China
71%
6,162 Índia
71%
8,201 Butão
65%
24,268 Cazaquistão
47%
25,411 Rússia
47%
26,455 Polónia
6%
Nenhum quiz correspondente encontrado
Distribuição das Pontuações
Porcentagem de Pessoas com Cada Pontuação
Percentil de Números Respondidos
Sua Pontuação Histórica
Você não jogou esse quiz